00561nam a2200169Ia 4500003000400000008004100004040001600045082001900061100003500080245006700115700002500182700002400207300001100231490006000242650005500302650003400357GCL140319s9999 xx 000 0 ara d aGCL / cGCL04a327.114bو ح1 aجورج عزيز (مراجع)10aالحكومة الخفية / cجورج عزيز (مراجع)1 aوايز, ديفيد1 aروس، توماس a411 ص aاشهر الكتب الجديدة فى العالمv004aالولايات المتحدة الامريكية04aوكالة المخابرات